| 000 | 00582nam a2200193 a 4500 | ||
|---|---|---|---|
| 001 | 280 | ||
| 003 | CDMR | ||
| 005 | 20131128181410.0 | ||
| 008 | 130130s1961||||||||||||||||||||||||||||d | ||
| 040 |
_aCDMR _bcat _cCDMR |
||
| 100 | 1 |
_aBoniface, Jean _9202 |
|
| 245 | 1 | 0 |
_aArts de masse et grand public _b: la consommation culturelle des français _cJean Boniface ; préface d'Alfred Sauvy |
| 260 |
_aLa Rochelle _c1961 _bDuvrieres |
||
| 300 | _a160 p. | ||
| 490 | 0 | _aVivre son temps | |
| 650 | 0 | 4 |
_93478 _aCultura de massa _zFrança |
| 650 | 0 | 4 |
_94171 _aIndústries culturals |
| 942 |
_cMON _2udc |
||
| 999 |
_c280 _d280 |
||